Statistics for Countries that border Burkina Faso

Click here to take the quiz!

General Stats

  • This quiz has been taken 113 times
  • The average score is 5 of 6

Answer Stats

Answer% Correct
Mali
89%
Niger
89%
Togo
87%
Ghana
86%
Benin
84%
Côte d'Ivoire
77%

Score Distribution

Percentile by Number Answered

Percent of People with Each Score

Your Score History

You have not taken this quiz